| 000 | 00785nam a22002297a 4500 | ||
|---|---|---|---|
| 001 | 77012 | ||
| 003 | BD-RjUL | ||
| 005 | 20211209082921.0 | ||
| 008 | 200213s2020 bg ||||| |||| 00| p ben d | ||
| 020 | _a9789849287230 | ||
| 035 | _a(BD-RjUL)77236 | ||
| 040 |
_aBD-RjUL _beng _cBD-RjUL |
||
| 041 | _aeng | ||
| 082 |
_223 _a954.92050924 _bSAM 2020 |
||
| 100 |
_aসাহা, মহাদেব _9239335 |
||
| 245 |
_aমুজিবসমগ্র / _cমহাদেব সাহা |
||
| 260 |
_aঢাকা : _bবিভাস, _c২০২০ |
||
| 300 |
_a২৯৪ পৃ. ; _c২২ সেমি. |
||
| 504 | _aবিবলিওগ্রাফি অন্তর্ভূক্ত। | ||
| 600 |
_aMujibur Rahman, _cShaikh, _d1920-1975. _xPoetry _9239336 |
||
| 942 |
_2ddc _cBK |
||
| 999 |
_c77012 _d77012 |
||